000 00299nam a22001097a 4500
008 150819b xxu||||| |||| 00| 0 eng d
020 _a0023657103
082 _a126 KOL
100 _aKOLAK DANIEL
245 _aSELF AND IDENTITY :
_bCONTEMPORARY PHILOSOPHICAL ISSUES
260 _aNEW YORK :
_bMACMILLAN,
_c1991.
999 _c70
_d70